Statystyki dla kluby piłkarkie które zdobyły mistrzostwo polski

Kliknij tutaj aby rozwiązać quiz!

Ogólne statystyki

  • Ten quiz został rozwiązany 54 razy
  • Średni wynik to 14 z 19

Statystyki odpowiedzi

ilośćmistrzowie% Poprawnych
15legia warszawa
100%
8lech poznań
98%
13wisła kraków
98%
14górnik zabrze
91%
5cracovia
89%
2łks łódź
87%
14ruch chorzów
87%
4widzew lódź
87%
2Śląsk wrocław
85%
1raków częstochowa
83%
2warta poznań
76%
2zagłębie lubin
76%
1piast gliwice
74%
2stal mielec
67%
2polonia warszawa
65%
2polonia bytom
57%
4pogoń lwów
41%
1szombierki bytom
39%
1garbarnia kraków
28%

Rozkład punktacji

Percentyl według liczby udzielonych odpowiedzi

Procent ludzi z każdym wynikiem

Twoja historia wyników

Nie rozwiązałeś tego quizu